Central Sales Tax Laws.V2 (Record no. 1191875)

MARC details
000 -LEADER
fixed length control field 00785nam a2200289Ia 4500
003 - CONTROL NUMBER IDENTIFIER
control field OSt
005 - DATE AND TIME OF LATEST TRANSACTION
control field 20221007110959.0
008 - FIXED-LENGTH DATA ELEMENTS--GENERAL INFORMATION
fixed length control field 221006b |||||||| |||| 00| 0 eng d
037 ## - SOURCE OF ACQUISITION
Terms of availability Textual
040 ## - CATALOGING SOURCE
Original cataloging agency LCO
Transcribing agency LCO
Language of cataloging eng
041 ## - LANGUAGE CODE
Source of code eng
Language code of text/sound track or separate title eng
100 ## - MAIN ENTRY--PERSONAL NAME
Personal name Chaturvedi K.
245 #0 - TITLE STATEMENT
Title Central Sales Tax Laws.V2
250 ## - EDITION STATEMENT
Edition statement 5th
260 ## - PUBLICATION, DISTRIBUTION, ETC.
Place of publication, distribution, etc. Agra
Name of publisher, distributor, etc. Wadhwa and Company India
Date of publication, distribution, etc. 1981
300 ## - PHYSICAL DESCRIPTION
Extent 953+885
490 ## - SERIES STATEMENT
Volume/sequential designation Vol.- 12
650 ## - SUBJECT ADDED ENTRY--TOPICAL TERM
Topical term or geographic name entry element SALES TAX
9 (RLIN) 258895
700 ## - ADDED ENTRY--PERSONAL NAME
Personal name Chaturvedi M.K.
9 (RLIN) 138276
700 ## - ADDED ENTRY--PERSONAL NAME
Personal name Kothary B.L.
9 (RLIN) 708164
942 ## - ADDED ENTRY ELEMENTS (KOHA)
Classification part X7291:(Z), M1
Koha item type Textual
Holdings
Withdrawn status Lost status Damaged status Not for loan Home library Current library Date acquired Serial Enumeration / chronology Total Checkouts Full call number Barcode Date last seen Price effective from Koha item type
        Law Centre-I Library Law Centre-I Library 2022-10-07 Vol.- 1   X7291:(Z) M1 LO631004 2 2022-10-07 2022-10-07 Textual
Copyright @ Delhi University Library System